<?xml version="1.0" encoding="UTF-8"?><?xml-stylesheet type="text/xsl" href="static/style.xsl"?><OAI-PMH xmlns="http://www.openarchives.org/OAI/2.0/" xmlns:xsi="http://www.w3.org/2001/XMLSchema-instance" xsi:schemaLocation="http://www.openarchives.org/OAI/2.0/ http://www.openarchives.org/OAI/2.0/OAI-PMH.xsd"><responseDate>2026-04-13T01:28:03Z</responseDate><request verb="GetRecord" identifier="oai:www.recercat.cat:2445/165551" metadataPrefix="marc">https://recercat.cat/oai/request</request><GetRecord><record><header><identifier>oai:recercat.cat:2445/165551</identifier><datestamp>2025-12-04T20:53:16Z</datestamp><setSpec>com_2072_1057</setSpec><setSpec>col_2072_478796</setSpec><setSpec>col_2072_478917</setSpec></header><metadata><record xmlns="http://www.loc.gov/MARC21/slim" xmlns:dcterms="http://purl.org/dc/terms/" xmlns:xsi="http://www.w3.org/2001/XMLSchema-instance" xmlns:doc="http://www.lyncode.com/xoai" xsi:schemaLocation="http://www.loc.gov/MARC21/slim http://www.loc.gov/standards/marcxml/schema/MARC21slim.xsd">
   <leader>00925njm 22002777a 4500</leader>
   <datafield ind2=" " ind1=" " tag="042">
      <subfield code="a">dc</subfield>
   </datafield>
   <datafield ind2=" " ind1=" " tag="720">
      <subfield code="a">Valero Montero, Rosendo</subfield>
      <subfield code="e">author</subfield>
   </datafield>
   <datafield ind2=" " ind1=" " tag="720">
      <subfield code="a">Morales García, Ángel</subfield>
      <subfield code="e">author</subfield>
   </datafield>
   <datafield ind2=" " ind1=" " tag="720">
      <subfield code="a">Illas i Riera, Francesc</subfield>
      <subfield code="e">author</subfield>
   </datafield>
   <datafield ind2=" " ind1=" " tag="260">
      <subfield code="c">2020-06-15T15:20:27Z</subfield>
   </datafield>
   <datafield ind2=" " ind1=" " tag="260">
      <subfield code="c">2020-06-15T15:20:27Z</subfield>
   </datafield>
   <datafield ind2=" " ind1=" " tag="260">
      <subfield code="c">2018-07-16</subfield>
   </datafield>
   <datafield ind2=" " ind1=" " tag="260">
      <subfield code="c">2020-06-15T15:20:27Z</subfield>
   </datafield>
   <datafield ind2=" " ind1=" " tag="520">
      <subfield code="a">The optical absorption spectra of (TiO2)n, nanoclusters (n = 1-20) and nanoparticles (n = 35, 84) have been calculated from the frequency-dependent dielectric function in the independent particle approximation under the framework of density functional theory. The PBE generalized gradient approach based functional, the so-called PBE+U method and the PBE0 and PBEx hybrid functionals containing 25% and 12.5% of nonlocal Fock exchange, respectively have been used. The simulated spectra have been obtained in the gas phase and in water on previously PBE0 optimized atomic structures. The effect of the solvent has been accounted for by using an implicit water solvation model. For the smallest nanoclusters, the spectra show discrete peaks, whereas for the largest nanoclusters and for the nanoparticles they resemble a continuum absorption band. In the gas phase and for a given density functional, the onset of the absorption (optical gap, Ogap) remains relatively constant for all nanoparticle sizes although it increases with the percentage of nonlocal Fock exchange, as expected. For all tested functionals, the tendency of Ogap in water is very similar to that observed in the gas phase with an almost constant upshift. For comparison, the optical gap has also been calculated at the TD-DFT level with the PBEx functional in the gas phase and in water. Both approaches agree reasonably well although the TD-DFT gap values are lower than those derived from the dielectric-function. Overall, the position of the spectral maxima and the width of the spectra are relatively constant and independent of particle size which may have implications in the understanding of photocatalysis by TiO2.</subfield>
   </datafield>
   <datafield tag="653" ind2=" " ind1=" ">
      <subfield code="a">Nanotubs</subfield>
   </datafield>
   <datafield tag="653" ind2=" " ind1=" ">
      <subfield code="a">Diòxid de titani</subfield>
   </datafield>
   <datafield tag="653" ind2=" " ind1=" ">
      <subfield code="a">Nanotubes</subfield>
   </datafield>
   <datafield tag="653" ind2=" " ind1=" ">
      <subfield code="a">Titanium dioxide</subfield>
   </datafield>
   <datafield ind2="0" ind1="0" tag="245">
      <subfield code="a">Theoretical modeling of electronic excitations of gas-phase and solvated TiO2 nanoclusters and nanoparticles of interest in photocatalysis</subfield>
   </datafield>
</record></metadata></record></GetRecord></OAI-PMH>